<?xml version="1.0" encoding="UTF-8"?>
<collection xmlns="http://www.loc.gov/MARC21/slim">
 <record>
  <leader>01070nam a22002535a 4500</leader>
  <controlfield tag="001">CEM.cems020820</controlfield>
  <controlfield tag="008">240222s2011####ag############000#0#und#d</controlfield>
  <controlfield tag="005">20240222143431.0</controlfield>
  <datafield tag="245" ind1="1" ind2="0">
   <subfield code="a">Los cuervos de Pearblossom /</subfield>
   <subfield code="c">Aldous Huxley ; traducido por Andrea Donnini ; ilustrado por José Sanabria.</subfield>
  </datafield>
  <datafield tag="250" ind1=" " ind2=" ">
   <subfield code="a">1a ed. 1a reimp.</subfield>
  </datafield>
  <datafield tag="260" ind1=" " ind2=" ">
   <subfield code="a">Buenos Aires :</subfield>
   <subfield code="b">SM,</subfield>
   <subfield code="c">2011.</subfield>
  </datafield>
  <datafield tag="300" ind1=" " ind2=" ">
   <subfield code="a">56 p.</subfield>
  </datafield>
  <datafield tag="490" ind1="1" ind2=" ">
   <subfield code="a">El barco de vapor. Blanco ;</subfield>
   <subfield code="v">5</subfield>
  </datafield>
  <datafield tag="500" ind1=" " ind2=" ">
   <subfield code="a">Primeros lectores.</subfield>
  </datafield>
  <datafield tag="500" ind1=" " ind2=" ">
   <subfield code="a">Título original: The Crows of Pearblossom.</subfield>
  </datafield>
  <datafield tag="520" ind1=" " ind2=" ">
   <subfield code="a">Cada día, la señora cuervo pone un huevo, y cuando regresa de hacer las compras, ¡el huevo ya no está! Hasta que descubre que el espantoso señor serpiente ha estado desayunándose a sus queridos huevitos. ¡Algo hay que hacer!</subfield>
  </datafield>
  <datafield tag="020" ind1=" " ind2=" ">
   <subfield code="a">9789875734630</subfield>
  </datafield>
  <datafield tag="100" ind1="1" ind2=" ">
   <subfield code="a">Huxley, Aldous.</subfield>
  </datafield>
  <datafield tag="700" ind1="1" ind2=" ">
   <subfield code="a">Donnini, Andrea; trad.</subfield>
  </datafield>
  <datafield tag="700" ind1="1" ind2=" ">
   <subfield code="a">Sanabria, José; il.</subfield>
  </datafield>
  <datafield tag="653" ind1=" " ind2=" ">
   <subfield code="a">Literatura inglesa</subfield>
  </datafield>
  <datafield tag="653" ind1=" " ind2=" ">
   <subfield code="a">Literatura infantil</subfield>
  </datafield>
  <datafield tag="653" ind1=" " ind2=" ">
   <subfield code="a">Novela infantil</subfield>
  </datafield>
  <datafield tag="859" ind1=" " ind2=" ">
   <subfield code="a">CEMS</subfield>
   <subfield code="b">BIB. CEMS - Inicial y Primaria</subfield>
   <subfield code="h">823.9</subfield>
   <subfield code="i">H982</subfield>
   <subfield code="k">IP</subfield>
   <subfield code="p">4436</subfield>
   <subfield code="t">Ej. 1</subfield>
  </datafield>
 </record>
</collection>
